| 000 | 00554nam a22002057a 4500 | ||
|---|---|---|---|
| 003 | OSt | ||
| 005 | 20240612120648.0 | ||
| 008 | 240612b |||||||| |||| 00| 0 eng d | ||
| 020 | _a0321476174 | ||
| 040 | _cMUST. | ||
| 082 | _a511.35 HOP 2007 | ||
| 100 |
_aHopcroft John E... (et al) _917114 |
||
| 245 | _aAutomata Theory, Languagees,and Computation/ | ||
| 250 | _aThird Edition | ||
| 260 |
_aNew York _bPeason Addison Wesley _c2007 |
||
| 300 |
_axvii,5359p: _bill.; _c23.4cm |
||
| 504 | _aIndex. | ||
| 650 | _aMathematics | ||
| 942 |
_2ddc _cO_SHELF |
||
| 999 |
_c8421 _d8421 |
||